| 000 | 00652nam a2200217 u 4500 | ||
|---|---|---|---|
| 005 | 20250410063749.0 | ||
| 008 | 160606s2001 ch r 000 0 spa d | ||
| 020 | _a9561317311 | ||
| 035 | _aUPN01000211137 | ||
| 049 | _aI | ||
| 050 | 4 |
_aPZ74.9 _bS5.5 |
|
| 100 | 1 |
_aSilva, María Luisa, _d1943-2020 _938937 |
|
| 245 | 1 | 3 |
_aEl fantasmita : _by otros seres mágicos / _cMaría Luisa Silva. |
| 260 |
_aSantiago de Chile : _bAndrés Bello, _c2001. |
||
| 300 |
_a11 p. : _bil. col. |
||
| 440 | 0 | _aCasita de cuentos | |
| 650 | 4 |
_aCUENTOS INFANTILES CHILENOS _911282 |
|
| 650 | 4 |
_aCuentos de fantasmas _911720 |
|
| 905 | _aInfantil | ||
| 999 |
_c183238 _d183238 |
||